| 000 | 02376cam a2200313 4500500 | ||
|---|---|---|---|
| 005 | 20260329021952.0 | ||
| 041 | _afre | ||
| 042 | _adc | ||
| 100 | 1 | 0 |
_aAmiot, Aurélien _eauthor |
| 245 | 0 | 0 | _aAssociations de thérapies ciblées : le futur des MICI ? |
| 260 | _c2024. | ||
| 500 | _a43 | ||
| 520 | _aA growing number of patients with inflammatory bowel diseases (IBD) experienced failure of targeted therapies (monoclonal antibodies and small molecules). Combined targeted therapy is increasingly used for patients with refractory IBD allowing multimodal control of inflammation and restoration of epithelial homeostasis. This review compiles evidences for using combined targeted therapies including data from retrospective cohort studies and early-phase randomized controlled trials. This review also discusses limitations of current knowledge on ideal candidate and optimal use of combined targeted therapy. | ||
| 520 | _aMalgré d’immenses progrès, il persiste une proportion non négligeable de patients atteints de maladies inflammatoires chroniques de l’intestin pour lesquels les thérapies ciblées (anticorps monoclonaux et petites molécules) ne permettent pas d’aboutir à un contrôle satisfaisant de leur maladie. L’association de thérapies ciblées est une option de plus en plus utilisée afin de contrôler de façon simultanée plusieurs voies d’inflammation. Dans cette revue, nous abordons les données disponibles concernant les associations de thérapies ciblées au cours des maladies inflammatoires chroniques de l’intestin ainsi que les zones d’ombre qui nous restent à résoudre : Quelle association ? Pour quel patient ? Selon quelle séquence ? | ||
| 690 | _abiothérapie | ||
| 690 | _amaladie de Crohn | ||
| 690 | _amaladie inflammatoire chronique de l’intestin | ||
| 690 | _apetite molécule | ||
| 690 | _arectocolite hémorragique | ||
| 690 | _athérapie ciblée | ||
| 690 | _abiologic | ||
| 690 | _acombined targeted therapy | ||
| 690 | _aCrohn’s disease | ||
| 690 | _ainflammatory bowel disease | ||
| 690 | _asmall molecules | ||
| 690 | _aulcerative colitis | ||
| 786 | 0 | _nHépato-Gastro & Oncologie Digestive | 31 | 8 | 2024-10-02 | p. 822-826 | 2115-3310 | |
| 856 | 4 | 1 | _uhttps://stm.cairn.info/revue-hepato-gastro-et-oncologie-digestive-2024-8-page-822?lang=fr&redirect-ssocas=7080 |
| 999 |
_c1916654 _d1916654 |
||